Actas del Congreso de los Estados de Perfección

Salvato in:
Dettagli Bibliografici
Natura: Libro
Lingua:spagnolo
Pubblicazione: Santiago Episcopado Chileno 1953
Edizione:1a. ed
Soggetti:
Tags: Aggiungi Tag
Nessun Tag, puoi essere il primo ad aggiungerne!!

MARC

LEADER 00000cam a2200000 a 4500
001 UCD1796
003 CL-VaPUC
005 20250227153813.0
008 160331e19530000cl 1 spa d
082 0 4 |a 248.894  |b ACT  |2 21 
245 1 0 |a Actas del Congreso de los Estados de Perfección 
250 |a 1a. ed 
260 |a Santiago  |b Episcopado Chileno  |c 1953 
300 |a 172 p 
583 |a last modification  |c 20190909 10:22:50  |k Rodrigo Vera 
650 0 0 |a Vida religiosa  |9 257284 
650 0 7 |a CONGREGACIONES RELIGIOSAS  |2 CL-VaPUC  |9 398089 
650 0 7 |a PERFECCION  |2 CL-VaPUC  |9 399301 
942 |c BK 
945 |a dcastane  |d 20160331 23:10:00 
546 |a En Español 
536 |a Sagrada Congregación de Religiosos 
518 |p Congreso de los Estados de Perfección, 1, Santiago, 26 de diciembre de 1953 al 9 de enero de 1954 
999 |c 384817  |d 384815 
952 |0 0  |1 0  |3 erb  |4 0  |6 248_894000000000000_ACT_1953  |7 0  |8 P  |9 507804  |a BIBTEO  |b BIBTES  |c TEO_FTES  |i 5278856  |o 248.894 ACT 1953  |p 5278856  |r 2024-01-18  |w 2020-01-23  |y BK  |z Catalogado en:20160331  |k ICR